[Odborné lexikálne minimum z manažérskej a ekonomickej praxe]

Recenzia na publikáciu, ktorá je určená študentom ekonomického zamerania a má slúžiť ako podpora pri štúdiu cudzích jazykov.

Saved in:
Bibliographic Details
Main Author: Seresová, Katarína, 1967-
Format: Book Chapter
Language:Slovak
Subjects:
Tags: Add Tag
No Tags, Be the first to tag this record!

MARC

LEADER 00000naa a2200000 4500
001 0257399
005 20240502074101.8
041 0 |a slo 
044 |a SK 
245 1 0 |a [Odborné lexikálne minimum z manažérskej a ekonomickej praxe]  |c Katarína Seresová 
520 |a Recenzia na publikáciu, ktorá je určená študentom ekonomického zamerania a má slúžiť ako podpora pri štúdiu cudzích jazykov. 
610 2 0 |a manažéri 
610 2 0 |a výučba vedecká 
610 2 0 |a jazyky cudzie 
610 2 0 |a komunikácia manažérska 
610 2 0 |a slovenčina 
610 2 0 |a nemčina 
610 2 0 |a ruština 
100 1 |a Seresová, Katarína, 1967-